000 00576nam a2200181Ia 4500
008 151202s9999||||xx |||||||||||||| ||und||
082 _bPNVM-6849
100 _aखांडेकर सुर्यकांत.
245 _aसावली.
260 _b"मा.का.घोरपडे,कोल्हापूर."
260 _c0
300 _a75
600 _aखांडेकर सुर्यकांत.
630 _aसावली.
700 _aखांडेकर सुर्यकांत.
730 _aसावली.
942 _cBOOK
999 _c1272841
_d1272838